<?xml version="1.0" encoding="UTF-8"?>
<collection xmlns:xsi="http://www.w3.org/2001/XMLSchema-instance" xsi:schemaLocation="http://www.loc.gov/MARC21/slim http://www.loc.gov/standards/marcxml/schema/MARC21slim.xsd" xmlns="http://www.loc.gov/MARC21/slim">
 <record>
  <leader>00000cam a22000004i 4500</leader>
  <controlfield tag="001">UP-8027390931312570167</controlfield>
  <controlfield tag="003">Buklod</controlfield>
  <controlfield tag="005">20240510112701.0</controlfield>
  <controlfield tag="006">o--- |     ||   ||</controlfield>
  <controlfield tag="007">ta</controlfield>
  <controlfield tag="008">201105t20202020xx m    rb   a000 0|eng d</controlfield>
  <datafield tag="020" ind1=" " ind2=" ">
   <subfield code="a">9784866581392 (hardback)</subfield>
  </datafield>
  <datafield tag="020" ind1=" " ind2=" ">
   <subfield code="a">4866581395 (hardback)</subfield>
  </datafield>
  <datafield tag="035" ind1=" " ind2=" ">
   <subfield code="a">(iLib)UPCEB-00013107810</subfield>
  </datafield>
  <datafield tag="040" ind1=" " ind2=" ">
   <subfield code="a">KEI</subfield>
   <subfield code="b">eng</subfield>
   <subfield code="e">rda</subfield>
   <subfield code="c">KEI</subfield>
   <subfield code="d">GZN</subfield>
   <subfield code="d">OCLCO</subfield>
   <subfield code="d">OCLCF</subfield>
   <subfield code="d">MNN</subfield>
   <subfield code="d">DLC</subfield>
   <subfield code="d">OWU</subfield>
   <subfield code="d">OCLCO</subfield>
   <subfield code="d">ZLM</subfield>
   <subfield code="d">NGU</subfield>
   <subfield code="d">UIU</subfield>
   <subfield code="d">EAU</subfield>
   <subfield code="d">OCL</subfield>
   <subfield code="d">CBY</subfield>
   <subfield code="d">IXA</subfield>
   <subfield code="d">ZCU</subfield>
   <subfield code="d">GYG</subfield>
   <subfield code="d">OCLCO</subfield>
   <subfield code="d">ZYU</subfield>
   <subfield code="d">SHS</subfield>
   <subfield code="d">AMH</subfield>
   <subfield code="d">OCLCO</subfield>
   <subfield code="d">OUN</subfield>
  </datafield>
  <datafield tag="041" ind1="1" ind2=" ">
   <subfield code="a">eng</subfield>
   <subfield code="h">jpn</subfield>
  </datafield>
  <datafield tag="090" ind1=" " ind2=" ">
   <subfield code="a">PL721.N3</subfield>
   <subfield code="b">M3813 2020</subfield>
  </datafield>
  <datafield tag="100" ind1="1" ind2=" ">
   <subfield code="a">Matsuoka, Seigow</subfield>
   <subfield code="d">1944-</subfield>
   <subfield code="e">author.</subfield>
  </datafield>
  <datafield tag="240" ind1="1" ind2="0">
   <subfield code="a">Kacho fugetsu no kagaku.</subfield>
   <subfield code="l">English.</subfield>
  </datafield>
  <datafield tag="245" ind1="1" ind2="0">
   <subfield code="a">Flowers, birds, wind, and moon</subfield>
   <subfield code="b">the phenomenology of nature in Japanese culture</subfield>
   <subfield code="c">Matsuoka Seigow ; translated by David Noble.</subfield>
  </datafield>
  <datafield tag="246" ind1="3" ind2="3">
   <subfield code="6">880-02</subfield>
   <subfield code="a">Kacho fugetsu no kagaku</subfield>
   <subfield code="b">Eibunban.</subfield>
  </datafield>
  <datafield tag="250" ind1=" " ind2=" ">
   <subfield code="a">First English edition.</subfield>
  </datafield>
  <datafield tag="264" ind1=" " ind2="1">
   <subfield code="a">Tokyo, Japan</subfield>
   <subfield code="b">Japan Publishing Industry Foundation for Culture</subfield>
   <subfield code="c">2020.</subfield>
  </datafield>
  <datafield tag="300" ind1=" " ind2=" ">
   <subfield code="a">319 pages</subfield>
   <subfield code="b">illustrations</subfield>
   <subfield code="c">23 cm.</subfield>
  </datafield>
  <datafield tag="490" ind1="1" ind2=" ">
   <subfield code="a">Japan library.</subfield>
  </datafield>
  <datafield tag="500" ind1=" " ind2=" ">
   <subfield code="a">&quot;This book is a translation of Kachofugetsu no kagaku ... which was originally published by Tank?osha in 1994.&quot;--Title page verso.</subfield>
  </datafield>
  <datafield tag="504" ind1=" " ind2=" ">
   <subfield code="a">Includes bibliographical references (pages 311-318)</subfield>
  </datafield>
  <datafield tag="505" ind1="0" ind2="0">
   <subfield code="t">Mountains --</subfield>
   <subfield code="t">Paths --</subfield>
   <subfield code="t">Deities --</subfield>
   <subfield code="t">Wind --</subfield>
   <subfield code="t">Birds --</subfield>
   <subfield code="t">Flowers --</subfield>
   <subfield code="t">Buddhas --</subfield>
   <subfield code="t">Time --</subfield>
   <subfield code="t">Dreams --</subfield>
   <subfield code="t">Moon.</subfield>
  </datafield>
  <datafield tag="520" ind1=" " ind2=" ">
   <subfield code="a">&quot;Japanese culture is deeply rooted in nature--from literature to the visual arts, and from religious practice to daily life. How, when, and why this close association with nature developed is explored in this book by bestselling author Matsuoka Seigow. Using ten key motifs--mountains, paths, deities, wind, birds, flowers, buddhas, time, dreams, and moon--each of which serves as a lens on different aspects of Japanese culture, Matsuoka ranges from history and ethnology to the arts. He also explores the insights that emerge when traditional sensibilities are examined from the perspective of modern science. Japanese concepts of time, interval, and otherness, though arrived at intuitively, overlap with how contemporary fields such as quantum physics and relativity theory grapple with issues of uncertainty, indeterminacy, and ambiguity. Matsuoka proposes that throughout history, the phenomena of nature and the kaleidoscope of seasonal change have functioned as a system of recombinant codes for the expression of the Japanese sensibility. This unique multimedia system for the cultural construction of nature has generated the essential creative motifs of Japanese literature, fine arts, and craft, which in turn have shaped every aspect of Japanese life and thought&quot;--Back cover.</subfield>
  </datafield>
  <datafield tag="541" ind1=" " ind2=" ">
   <subfield code="a">Gift of Japan Publishing Industry Foundation for Culture</subfield>
   <subfield code="5">OAU.</subfield>
  </datafield>
  <datafield tag="546" ind1=" " ind2=" ">
   <subfield code="a">Translated from the Japanese.</subfield>
  </datafield>
  <datafield tag="650" ind1=" " ind2="0">
   <subfield code="a">Nature and civilization</subfield>
   <subfield code="z">Japan.</subfield>
  </datafield>
  <datafield tag="650" ind1=" " ind2="0">
   <subfield code="a">Signs and symbols</subfield>
   <subfield code="z">Japan.</subfield>
  </datafield>
  <datafield tag="650" ind1=" " ind2="0">
   <subfield code="a">Nature in literature.</subfield>
  </datafield>
  <datafield tag="650" ind1=" " ind2="0">
   <subfield code="a">Nature in art.</subfield>
  </datafield>
  <datafield tag="650" ind1=" " ind2="0">
   <subfield code="a">Phenomenology.</subfield>
  </datafield>
  <datafield tag="650" ind1=" " ind2="0">
   <subfield code="a">Nature and nurture.</subfield>
  </datafield>
  <datafield tag="651" ind1=" " ind2="0">
   <subfield code="a">Japan</subfield>
   <subfield code="x">Civilization.</subfield>
  </datafield>
  <datafield tag="700" ind1="1" ind2=" ">
   <subfield code="a">Noble, David</subfield>
   <subfield code="e">translator.</subfield>
  </datafield>
  <datafield tag="830" ind1=" " ind2="0">
   <subfield code="a">Japan library (Shuppan Bunka Sangyo Shinko Zaidan)</subfield>
  </datafield>
  <datafield tag="905" ind1=" " ind2=" ">
   <subfield code="a">FO</subfield>
  </datafield>
  <datafield tag="852" ind1="0" ind2=" ">
   <subfield code="a">UPCEB</subfield>
   <subfield code="b">CEBU-LAHUG</subfield>
   <subfield code="h">PL721.N3 M3813 2020</subfield>
  </datafield>
  <datafield tag="942" ind1=" " ind2=" ">
   <subfield code="a">Book</subfield>
  </datafield>
 </record>
</collection>
